| 000 | 00683nam a22002177a 4500 | ||
|---|---|---|---|
| 005 | 20230131061044.0 | ||
| 008 | 230131b |||||||| |||| 00| 0 eng d | ||
| 020 | _a1-259-25199-3 | ||
| 082 | _a578.77 C355 2016 | ||
| 100 |
_aCastro, Peter _eauthor |
||
| 245 |
_aMarine biology / _cPeter Castro, Michael E. Huber; original artwork by William C. Ober, Claire E. Ober |
||
| 250 | _a10th ed. | ||
| 260 |
_aNew York: _bMcGraw-Hill, _cc2016 |
||
| 300 |
_axv, 462p.: _bcol. ill. |
||
| 504 | _aIncludes index | ||
| 541 | _e5206 c.1, 5238 c.2 | ||
| 650 | _aMarine biology | ||
| 700 |
_aHuber, Michael E. _eauthor |
||
| 700 |
_aOber, William C. _eartist |
||
| 700 |
_aOber, Claire E. _eartist |
||
| 999 |
_c776 _d776 |
||